National Assembly Library of Thailand

รายงานการพิจารณาศึกษา เรื่อง "ทำอย่างไรให้การประเมิน ITA น่าเชื่อถือ เป็นที่ยอมรับของเจ้าหน้าที่รัฐและประชาชน" ของ คณะกรรมาธิการกิจการองค์กรอิสระตามรัฐธรรมนูญ วุฒิสภา (เอกสารวิชาการฉบับที่ 80) / (ระเบียนเลขที่ 107354)

รายละเอียดในรูปแบบ MARC
000 -LEADER
fixed length control field 03298nam a22003017a 4500
003 - CONTROL NUMBER IDENTIFIER
control field NALT
005 - DATE AND TIME OF LATEST TRANSACTION
control field 20260209145351.0
008 - FIXED-LENGTH DATA ELEMENTS--GENERAL INFORMATION
fixed length control field 251009b th ||||| |||| 00| 0 tha d
040 ## - CATALOGING SOURCE
Original cataloging agency NALT
086 ## - GOVERNMENT DOCUMENT CLASSIFICATION NUMBER
Classification number สว 10 7.3 170 2566
110 2# - MAIN ENTRY--CORPORATE NAME
Corporate name or jurisdiction name as entry element สำนักงานเลขาธิการวุฒิสภา.
Subordinate unit สำนักกรรมาธิการ 2
9 (RLIN) 2442
245 10 - TITLE STATEMENT
Title รายงานการพิจารณาศึกษา เรื่อง "ทำอย่างไรให้การประเมิน ITA น่าเชื่อถือ เป็นที่ยอมรับของเจ้าหน้าที่รัฐและประชาชน" ของ คณะกรรมาธิการกิจการองค์กรอิสระตามรัฐธรรมนูญ วุฒิสภา (เอกสารวิชาการฉบับที่ 80) /
Statement of responsibility, etc. สำนักกรรมาธิการ 2 สำนักงานเลขาธิการวุฒิสภา.
260 ## - PUBLICATION, DISTRIBUTION, ETC.
Place of publication, distribution, etc. กรุงเทพฯ :
Name of publisher, distributor, etc. สำนักงานเลขาธิการวุฒิสภา,
Date of publication, distribution, etc. 2566.
300 ## - PHYSICAL DESCRIPTION
Extent 25 หน้า :
Other physical details ภาพประกอบ, ตาราง ;
Dimensions 29 ซม.
505 2# - FORMATTED CONTENTS NOTE
Formatted contents note 1. การดำเนินงาน --<br/>2. วิธีพิจารณาศึกษา --<br/>3. แนวคิดการศึกษา --<br/>3.1 วัตถุประสงค์ของการประเมิน ITA --<br/>3.2 ความสำคัญของการประเมิน ITA --<br/>3.3 พัฒนาการของการประเมิน ITA --<br/>3.4 ขอบเขตการดำเนินการประเมิน ITA --<br/>4. ผลการศึกษา --<br/>4.1 บทนำ --<br/>4.2 ผลการวิเคราะห์ --<br/>4.2.1 กรอบแนวคิดการศึกษา --<br/>4.2.2 ข้อขัดข้องของการประเมิน ITA --<br/>5. ข้อสังเกตและข้อเสนอแนะของคณะกรรมาธิการ.
610 24 - SUBJECT ADDED ENTRY--CORPORATE NAME
Corporate name or jurisdiction name as entry element คณะกรรมาธิการกิจการองค์กรอิสระตามรัฐธรรมนูญ วุฒิสภา
General subdivision รายงาน
9 (RLIN) 43691
650 #4 - SUBJECT ADDED ENTRY--TOPICAL TERM
Topical term or geographic name entry element ITA
General subdivision การประเมิน
9 (RLIN) 57291
650 #4 - SUBJECT ADDED ENTRY--TOPICAL TERM
Topical term or geographic name entry element คุณธรรมและความโปร่งใสในการดำเนินงานของหน่วยงานภาครัฐ
General subdivision การประเมิน
9 (RLIN) 57290
650 #4 - SUBJECT ADDED ENTRY--TOPICAL TERM
Topical term or geographic name entry element ความโปร่งใส (จริยศาสตร์) ในภาครัฐ
9 (RLIN) 67125
650 #4 - SUBJECT ADDED ENTRY--TOPICAL TERM
Topical term or geographic name entry element ความดี
9 (RLIN) 2298
710 2# - ADDED ENTRY--CORPORATE NAME
Corporate name or jurisdiction name as entry element คณะกรรมาธิการกิจการองค์กรอิสระตามรัฐธรรมนูญ วุฒิสภา.
9 (RLIN) 47517
856 40 - ELECTRONIC LOCATION AND ACCESS
Uniform Resource Identifier <a href="https://prt.parliament.go.th/items/911a6ab6-4a9b-4ffd-9558-d95ecd9f02e2">https://prt.parliament.go.th/items/911a6ab6-4a9b-4ffd-9558-d95ecd9f02e2</a>
942 ## - ADDED ENTRY ELEMENTS (KOHA)
Koha item type Parliamentary Publication
Source of classification or shelving scheme Local Classification
996 ## - STAFF PROCESSING RECORDS (NALT)
Staff name kanyakorn.i
Staff type LIBSTF
Acquisition or Cataloging date 2025-10-09
996 ## - STAFF PROCESSING RECORDS (NALT)
Staff name jamriang.p
Staff type CATSTF
Acquisition or Cataloging date 2025-12-11
998 ## - STAFF NAME (NALT)
-- 1020
-- นางจำเรียง ระวังสำโรง
รายการที่มีในห้องสมุด
Withdrawn status Lost status Source of classification or shelving scheme Damaged status Not for loan Collection code Home library Current library Shelving location Date acquired Source of acquisition Total Checkouts Full call number Barcode Date last seen Price effective from Koha item type
    Local Classification     Parliamentary Publications Collection National Assembly Library of Thailand National Assembly Library of Thailand Parliamentary Publications Shelves 09/10/2025 หน่วยงานภาครัฐ   สว 10 7.3 170 2566 3961215968 09/10/2025 09/10/2025 Parliamentary Publication
หอสมุดรัฐสภา
สำนักงานเลขาธิการสภาผู้แทนราษฎร เลขที่ 1111 ถนนสามเสน แขวงถนนนครไชยศรี เขตดุสิต กรุงเทพฯ 10300
The Secretariat of the House of Representatives 1111 Samsen Road, Thanon Nakhon Chai Si, Dusit, Bangkok 10300, THAILAND
โทรศัพท์: +66(0) 2242 5900 ต่อ 5714-5 โทรสาร: +66(0) 2242 5990 อีเมล: [email protected]